00625nam a2200193 a 4500008004100000020001500041050001600056100002100072245007200093250001200165260005500177300002300232350000900255490005700264650004000321650002600361700002400387700002000411120416s1997 ||||||||||||||||| || u a0132557614 aHF 5635 Man aKaplan, Robert S10aManagement accounting. (2nd ed.)cAnthony A. Atkinson; (and others) a2nd ed. aUpper Saddle River, N.J. :bFT Prentice-Hallc1997 axxxv, 741p. : ill. a0.00 aThe Robert S. Kaplan series in management accounting 0aACCOUNTING--HANDBOOKS, MANUALS, ETC 0aMANAGERIAL ACCOUNTING aAtkinson, Anthony A aBanker, Rajiv D